00590 a2200157 450000500170000002000180001708200150003510000210005024500550007126000780012630000360020470000210024094200130026199900150027495201430028920250530132017.0 a9987-617-35-2 a651.7 SHU aSHUMBUSHO, G..N. aBusiness Communication Skills : Students Handbook aDar es Salaam,bResearch Information and publications Department,c2004. aii, 86p.: Ill.; figures.c22cm. aMWAIJANDE, F. A. 2ddccBKS c2893d2893 r2025-05-30 13:22:31l0o651..7 SHUp00000010479v54000.00w2025-05-30yBKS102ddc407000aCBEMLbCBEMLcSPECIALd2008-08-09g18000.00